| 000 | 00591nam a2200253Ia 4500 | ||
|---|---|---|---|
| 008 | 170203s9999 xx 000 0 und d | ||
| 020 | _a0-590689452 | ||
| 050 | _aFic | ||
| 050 | _b.D419s 1996 | ||
| 100 | _adePaola, Tomie | ||
| 245 | _aStrega Nona: Her Story / | ||
| 245 | _cas told to Tomie dePaola. | ||
| 260 | _aNew York : | ||
| 260 | _bScholastic Inc., | ||
| 260 | _c1996 | ||
| 300 | _bcol. ill. ; | ||
| 300 | _c29 cm. | ||
| 650 | _aGrandmothers-- | ||
| 650 | _aHealing-- | ||
| 650 | _aMagic-- | ||
| 650 | _xFiction. | ||
| 650 | _xFiction. | ||
| 650 | _xFiction. | ||
| 999 |
_c306042 _d306042 |
||